000 00242nam a2200097Ia 4500
008 170619s9999 xx 000 0 und d
100 _aRogers David F
245 0 _aProcedural Elements Computer Graphics
260 _bNew delhi; T M H
260 _c2004
546 _aENGLISH
999 _c17502
_d17502